| 000 -LEADER |
| fixed length control field |
01854cam a22003734a 4500 |
| 001 - CONTROL NUMBER |
| control field |
12985083 |
| 003 - CONTROL NUMBER IDENTIFIER |
| control field |
NUST |
| 005 - DATE AND TIME OF LATEST TRANSACTION |
| control field |
20190725045209.0 |
| 008 - FIXED-LENGTH DATA ELEMENTS--GENERAL INFORMATION |
| fixed length control field |
021029s2003 enka b 001 0 eng |
| 010 ## - LIBRARY OF CONGRESS CONTROL NUMBER |
| LC control number |
2002042521 |
| 020 ## - INTERNATIONAL STANDARD BOOK NUMBER |
| International Standard Book Number |
0195148665 (alk. paper) |
| 038 ## - RECORD CONTENT LICENSOR |
| Staff Name |
waseem |
| 040 ## - CATALOGING SOURCE |
| Original cataloging agency |
DLC |
| Transcribing agency |
DLC |
| Modifying agency |
DLC |
| 042 ## - AUTHENTICATION CODE |
| Authentication code |
pcc |
| 050 00 - LIBRARY OF CONGRESS CALL NUMBER |
| Classification number |
T14.5 |
| Item number |
.C58 2003 |
| 082 00 - DEWEY DECIMAL CLASSIFICATION NUMBER |
| Classification number |
303.4834 |
| Author Mark |
CLA |
| 100 1# - MAIN ENTRY--PERSONAL NAME |
| Personal name |
Clark, Andy, |
| Dates associated with a name |
1957- |
| 9 (RLIN) |
18468 |
| 245 10 - TITLE STATEMENT |
| Title |
Natural-born cyborgs : |
| Remainder of title |
minds, technologies, and the future of human intelligence / |
| Statement of responsibility, etc. |
Andy Clark. |
| 260 ## - PUBLICATION, DISTRIBUTION, ETC. |
| Place of publication, distribution, etc. |
Oxford ; |
| -- |
New York : |
| Name of publisher, distributor, etc. |
Oxford University Press, |
| Date of publication, distribution, etc. |
c2003. |
| 300 ## - PHYSICAL DESCRIPTION |
| Extent |
viii, 229 p. : |
| Other physical details |
ill. ; |
| Dimensions |
25 cm. |
| 504 ## - BIBLIOGRAPHY, ETC. NOTE |
| Bibliography, etc. note |
Includes bibliographical references and index. |
| 505 8# - FORMATTED CONTENTS NOTE |
| Formatted contents note |
Machine generated contents note: Introduction --CHAPTER 1 Cyborgs Unplugged --CHAPTER 2 Technologies to Bond With --CHAPTER 3 Plastic Brains, Hybrid Minds --CHAPTER 4 Where Are We? --CHAPTER 5 What Are We? --CHAPTER 6 Global Swarming --CHAPTER 7 Bad Borgs? --CHAPTER 8 Conclusions: Post-Human, Moi? --Notes --Index. |
| 650 #0 - SUBJECT ADDED ENTRY--TOPICAL TERM |
| Topical term or geographic name entry element |
Technology |
| General subdivision |
Social aspects. |
| 9 (RLIN) |
8321 |
| 650 #0 - SUBJECT ADDED ENTRY--TOPICAL TERM |
| Topical term or geographic name entry element |
Neurosciences |
| General subdivision |
Social aspects. |
| 9 (RLIN) |
18469 |
| 650 #0 - SUBJECT ADDED ENTRY--TOPICAL TERM |
| Topical term or geographic name entry element |
Artificial intelligence |
| General subdivision |
Social aspects. |
| 9 (RLIN) |
18470 |
| 650 #0 - SUBJECT ADDED ENTRY--TOPICAL TERM |
| Topical term or geographic name entry element |
Human-computer interaction. |
| 9 (RLIN) |
601 |
| 650 #0 - SUBJECT ADDED ENTRY--TOPICAL TERM |
| Topical term or geographic name entry element |
Cyborgs. |
| 9 (RLIN) |
18471 |
| 856 41 - ELECTRONIC LOCATION AND ACCESS |
| Materials specified |
Table of contents only |
| Uniform Resource Identifier |
<a href="http://www.loc.gov/catdir/toc/fy041/2002042521.html">http://www.loc.gov/catdir/toc/fy041/2002042521.html</a> |
| 856 42 - ELECTRONIC LOCATION AND ACCESS |
| Materials specified |
Publisher description |
| Uniform Resource Identifier |
<a href="http://www.loc.gov/catdir/enhancements/fy0613/2002042521-d.html">http://www.loc.gov/catdir/enhancements/fy0613/2002042521-d.html</a> |
| 856 42 - ELECTRONIC LOCATION AND ACCESS |
| Materials specified |
Contributor biographical information |
| Uniform Resource Identifier |
<a href="http://www.loc.gov/catdir/enhancements/fy0726/2002042521-b.html">http://www.loc.gov/catdir/enhancements/fy0726/2002042521-b.html</a> |
| 906 ## - LOCAL DATA ELEMENT F, LDF (RLIN) |
| a |
7 |
| b |
cbc |
| c |
orignew |
| d |
1 |
| e |
ocip |
| f |
20 |
| g |
y-gencatlg |
| 942 ## - ADDED ENTRY ELEMENTS (KOHA) |
| Source of classification or shelving scheme |
|
| Koha item type |
Book |